000
00293nam a2200121Ia 4500
005
20251222140108.0
008
251222s1900||||xx |||||||||||||| ||spa||
082
_a
114.1/P59
100
_a
Pinilla, Antonio
245
0
_a
Sofrosine:
264
_b
Instituto Luis Vives de FilosofĂa
942
_c
LIB
999
_c
4214
_d
4214